000 00443nam a2200169Ia 4500
008 090711s9999 xx 000 0 und d
082 _b64515
100 _aनलगे राजाराम
245 _aईर्षा
260 _c1989
300 _a126
600 _aनलगे राजाराम
630 _aईर्षा
700 _aनलगे राजाराम
730 _aईर्षा
942 _cBOOK
999 _c310666
_d310666